| 000 | 01194nam a22002537a 4500 | ||
|---|---|---|---|
| 005 | 2011082909239.0 | ||
| 010 | _aG-001098 | ||
| 020 |
_c25.00 _a9788190558410X |
||
| 035 | _aG-001098 | ||
| 037 |
_bएम.एन.पब्लिकेशन्स _a |
||
| 082 | _a333.72 | ||
| 100 |
_aदीपांशु _933907 |
||
| 245 |
_aपर्यावरण संरक्षण / _cदीपांशु _b |
||
| 260 |
_a दिल्ली _bएम.एन.पब्लिकेशन्स _c2009 |
||
| 270 |
_a29/502, ईस्ट एण्ड अपार्टमैंटस, मयूर विहार एक्सटेंशन फेस-1 _b दिल्ली _e110096 _cदिल्ली _k |
||
| 300 |
_a24पृ. _c21सेमी (अजिल्द) _bसचित्र |
||
| 500 | _a | ||
| 650 |
_a _933908 |
||
| 650 |
_a _933909 |
||
| 700 |
_a _933649 |
||
| 942 |
_adpl _cCH _2ddc _mदीपांशु _h333.72 |
||
| 999 |
_c56062 _d56062 |
||